00597nam a2200157Ia 4500008004100000100001700041245011600058245004600174260005900220260000900279650001800288650001500306856002600321999001900347952007300366170221s9999 xx 000 0 und d aMin-Woo Kwon 4aThe Role of Recreational Media Use in Youth Socialization:Extending the Citizen Communication Mediation Model  cMin-Woo Kwon, Dave Wilcox, Dhavan V. Shah bOnline Journal of Communication and Media Technologies c2016 xCommunication xMedia Arts uhttp://www.ojcmt.net/ c309103d309103 001040aCLbCLd2017-02-21l0r2017-02-21 00:00:00w2017-02-21yFOJ